[Event "FB21 2223 SC Leipzig-Lindenau - TuS Cos"]
[Site "?"]
[Date "2022.11.13"]
[Round "4.6"]
[White "Mai, Mariella"]
[Black "Gebhardt, Christine"]
[Result "1-0"]
[WhiteElo "1598"]
[BlackElo "1734"]
[PlyCount "75"]
[EventDate "2022.??.??"]

1. f4 c5 2. e3 Nc6 3. Nf3 g6 4. Be2 Bg7 5. d4 cxd4 6. exd4 e6 7. c3 Nf6 8. Nbd2 O-O 9. O-O d6 10. Qe1 Ne7 11. Bd3 Bd7 12. Nc4 Bc6 13. Qe2 b5 14. Ne3 a6 15. Bd2 Bb7 16. Nc2 Ned5 17. a3 Nh5 18. Nfe1 Qb6 19. Kh1 Nhf6 20. Nf3 Qc7 21. Rac1 Qd7 22. Qf2 Ne7 23. Rfe1 Rac8 24. Qf1 Nf5 25. Qe2 Rce8 26. Kg1 Qd8 27. Ra1 Nd5 28. Qf2 Bf6 29. g3 Bg7 30. Nb4 Nf6 31. Nc2 Qa8 32. Be2 Ng4 33. Qf1 Be4 34. Bd1 Nf6 35. Nb4 Bb7 36. a4 Qc8 37. axb5 axb5 38. Qxb5 1-0

[Event "FB21 2223 SC Rotation Pankow - SZ Seebl"]
[Site "?"]
[Date "2022.11.13"]
[Round "4.1"]
[White "Browning, Rebecca"]
[Black "Burchardt, Brigitte"]
[Result "1/2-1/2"]
[WhiteElo "1901"]
[BlackElo "2095"]
[PlyCount "71"]
[EventDate "2022.??.??"]

1. e4 c5 2. c3 d5 3. exd5 Qxd5 4. d4 g6 5. Nf3 Bg7 6. Be3 cxd4 7. Nxd4 Nf6 8. h3 O-O 9. Be2 e5 10. Nb5 Qc6 11. Nxa7 Qe6 12. Nxc8 Rxc8 13. a3 Nc6 14. O-O Rd8 15. Qc1 Nd5 16. Bc4 Qe7 17. Bxd5 Rxd5 18. Nd2 Rad8 19. Ne4 Na5 20. Bb6 Rc8 21. Bxa5 Rxa5 22. Rd1 Ra6 23. Qd2 Bf8 24. Qd7 Qxd7 25. Rxd7 Rb6 26. Rd2 f5 27. Ng5 e4 28. Rad1 h6 29. Nxe4 fxe4 30. Re2 Re8 31. Rd7 Rb3 32. Rc7 Re6 33. g3 e3 34. Kg2 Reb6 35. Rxe3 Rxb2 36. Rf3 1/2-1/2

[Event "FB21 2223 SC Rotation Pankow - SZ Seebl"]
[Site "?"]
[Date "2022.11.13"]
[Round "4.2"]
[White "Jahn, Constanze"]
[Black "Peglau, Dora"]
[Result "1/2-1/2"]
[WhiteElo "2040"]
[BlackElo "1798"]
[PlyCount "42"]
[EventDate "2022.??.??"]

1. Nf3 d5 2. b3 Nf6 3. Bb2 g6 4. g3 Bg7 5. Bg2 O-O 6. O-O c5 7. d3 Nc6 8. Nbd2 Qc7 9. c4 d4 10. a3 a5 11. Nb1 e5 12. Ng5 Re8 13. Ra2 h6 14. Ne4 Nxe4 15. Bxe4 f5 16. Bd5+ Be6 17. Bg2 Bf7 18. e4 f4 19. Bc1 g5 20. Bf3 Kh7 21. Bg4 Be6 1/2-1/2

[Event "FB21 2223 SC Rotation Pankow - SZ Seebl"]
[Site "?"]
[Date "2022.11.13"]
[Round "4.3"]
[White "Peglau, Charis"]
[Black "Wolf, Sylvia"]
[Result "1/2-1/2"]
[WhiteElo "1974"]
[BlackElo "2014"]
[PlyCount "138"]
[EventDate "2022.??.??"]

1. d4 Nf6 2. c4 c5 3. Nf3 e6 4. e3 cxd4 5. Nxd4 Bb4+ 6. Bd2 Bxd2+ 7. Nxd2 O-O 8. Be2 Nc6 9. N2b3 d5 10. cxd5 Nxd4 11. Qxd4 Qxd5 12. Qxd5 Nxd5 13. Bf3 Nb4 14. Ke2 Rb8 15. a3 Nc6 16. Rac1 Ne5 17. Rc7 Bd7 18. Nd4 Nxf3 19. Rxd7 Nxd4+ 20. Rxd4 Rbc8 21. Rhd1 Rc2+ 22. R1d2 Rxd2+ 23. Kxd2 g6 24. Rd7 Rb8 25. e4 a5 26. Ke3 b5 27. Ra7 a4 28. Ra5 e5 29. g3 Rb7 30. f4 f6 31. h4 Kf7 32. g4 b4 33. fxe5 bxa3 34. bxa3 Rb3+ 35. Kf4 fxe5+ 36. Kxe5 Rxa3 37. Ra7+ Kg8 38. Ke6 Ra1 39. h5 gxh5 40. gxh5 h6 41. Kf6 a3 42. Kg6 Kf8 43. Kxh6 a2 44. Ra8+ Kf7 45. Ra3 Kf6 46. Ra5 Kf7 47. Ra6 Kg8 48. Rg6+ Kf7 49. Rg2 Re1 50. Rxa2 Rxe4 51. Kh7 Rf4 52. Ra3 Rh4 53. h6 Rh1 54. Ra7+ Kf8 55. Rb7 Rh2 56. Rg7 Rh1 57. Rg8+ Kf7 58. Rg7+ Kf8 59. Rg5 Rf1 60. Kg6 Kg8 61. Rg2 Rh1 62. Rg3 Rh2 63. Rg1 Rh3 64. Ra1 Rg3+ 65. Kh5 Rh3+ 66. Kg5 Rg3+ 67. Kh4 Rg2 68. Rh1 Kh7 69. Kh5 Rg6 1/2-1/2

[Event "FB21 2223 SC Rotation Pankow - SZ Seebl"]
[Site "?"]
[Date "2022.11.13"]
[Round "4.4"]
[White "Mai, Iris"]
[Black "Peglau, Mirjam"]
[Result "0-1"]
[WhiteElo "1993"]
[BlackElo "1869"]
[PlyCount "184"]
[EventDate "2022.??.??"]

1. Nf3 Nf6 2. d4 d5 3. c4 c6 4. cxd5 cxd5 5. Nc3 Nc6 6. e3 e6 7. Bd3 Bd6 8. O-O O-O 9. a3 a6 10. Bd2 b5 11. b4 Bb7 12. Qe2 Qb6 13. Rfd1 Rfe8 14. Be1 e5 15. dxe5 Nxe5 16. Nd4 Nxd3 17. Qxd3 Rad8 18. Nce2 Be5 19. Rac1 Ne4 20. Nf3 Bf6 21. Ned4 Rc8 22. h3 h6 23. Bc3 Rc7 24. Bb2 Rec8 25. Rxc7 Rxc7 26. Rc1 Rxc1+ 27. Bxc1 Qc7 28. Bb2 Qc4 29. Qb1 Bc8 30. Qc1 Bd7 31. Qa1 Kf8 32. Qc1 Ke7 33. Qd1 Kd6 34. Qa1 Kc7 35. Qc1 Kb6 36. Qe1 g5 37. Nd2 Nxd2 38. Qxd2 g4 39. hxg4 Bxg4 40. f3 Bd7 41. Kf2 h5 42. Qc3 Bg7 43. Qxc4 bxc4 44. Bc3 Bxd4 45. Bxd4+ Kb5 46. Ke2 Ka4 47. Kd2 Kxa3 48. Kc3 Bc6 49. Bf6 Ka2 50. g3 Ka3 51. Bd4 Bd7 52. Bf6 Be6 53. Be7 Ka2 54. Bf6 Kb1 55. Kd2 Bh3 56. Be5 Bg2 57. f4 Be4 58. Bf6 Ka2 59. Kc3 Ka3 60. Be7 Ka4 61. Bd8 Kb5 62. Bf6 Kc6 63. Kd2 Bd3 64. Bb2 Kd6 65. Ke1 Ke6 66. Kf2 Kf5 67. Kf3 Bc2 68. Ke2 Ke4 69. Bd4 Ba4 70. Bf6 Bb5 71. Kd2 Bd7 72. Bg5 Kf3 73. Bh4 Ba4 74. Kc3 Kxe3 75. Bf6 Bd7 76. Be7 Be6 77. Bf6 Bf5 78. Be5 Bd3 79. Bf6 Be4 80. Be7 Bf5 81. Bf6 Bd7 82. Be5 Bh3 83. Bf6 Bg2 84. Be5 Kf3 85. Kd4 Kxg3 86. f5+ Kg4 87. f6 Kf5 88. Bg3 Kxf6 89. Be1 Ke6 90. Ke3 f5 91. Bc3 h4 92. Kf2 h3 0-1

[Event "FB21 2223 SC Rotation Pankow - SZ Seebl"]
[Site "?"]
[Date "2022.11.13"]
[Round "4.5"]
[White "Peglau, Sarah"]
[Black "Heyme, Sibylle"]
[Result "0-1"]
[WhiteElo "1783"]
[BlackElo "1963"]
[PlyCount "72"]
[EventDate "2022.??.??"]

1. d4 Nf6 2. c4 g6 3. f3 d5 4. cxd5 Nxd5 5. e4 Nb6 6. Be3 Bg7 7. Nc3 Nc6 8. d5 Ne5 9. f4 Ng4 10. Bb5+ Kf8 11. Bd4 Nf6 12. a4 a5 13. Nf3 e6 14. Bc5+ Kg8 15. d6 cxd6 16. Bxd6 Bd7 17. O-O h6 18. Qe1 Bxb5 19. Nxb5 Nc4 20. Bc7 Qd3 21. e5 Nd5 22. Qh4 Nce3 23. Rf2 Nf5 24. Qh3 Nxf4 25. Qg4 Nd5 26. Ne1 Qe3 27. Qd1 Rc8 28. Ra3 Qc5 29. Nd3 Qe7 30. Bxa5 Nfe3 31. Qb3 Nc4 32. Nd6 Nxd6 33. exd6 Qxd6 34. Qxb7 Rf8 35. Rb3 Bd4 36. Qa6 Qxa6 0-1

[Event "FB21 2223 SC Rotation Pankow - SZ Seebl"]
[Site "?"]
[Date "2022.11.13"]
[Round "4.6"]
[White "Seils, Gudula"]
[Black "Peglau, Adelheid"]
[Result "1-0"]
[WhiteElo "2020"]
[BlackElo "1298"]
[PlyCount "59"]
[EventDate "2022.??.??"]

1. c4 Nf6 2. Nc3 d5 3. cxd5 Nxd5 4. e4 Nxc3 5. bxc3 c5 6. Bb5+ Bd7 7. Bxd7+ Nxd7 8. Ne2 e5 9. O-O Nf6 10. Qb3 Qb6 11. Qc4 Rd8 12. d3 Be7 13. a4 O-O 14. Ba3 Qc6 15. f3 Qc7 16. d4 exd4 17. cxd4 b6 18. Rfd1 Nd7 19. Rac1 Bf6 20. Nc3 Bg5 21. Nd5 Qb8 22. Rb1 Nf6 23. dxc5 Nxd5 24. exd5 Be3+ 25. Kh1 Rfe8 26. c6 Bf4 27. h3 Re3 28. Bc1 Re7 29. Bxf4 Qxf4 30. Qxf4 1-0

[Event "FB21 2223 SZ Seeblick Dippoldiswalde - T"]
[Site "?"]
[Date "2023.02.19"]
[Round "5.2"]
[White "Peglau, Dora"]
[Black "Richter, Ulrike"]
[Result "1-0"]
[WhiteElo "1859"]
[BlackElo "1918"]
[PlyCount "79"]
[EventDate "2023.??.??"]

1. d4 d5 2. c4 c6 3. Nf3 Nf6 4. e3 Bf5 5. Bd3 Bxd3 6. Qxd3 dxc4 7. Qxc4 e6 8. O-O Be7 9. Nc3 Nbd7 10. e4 Nb6 11. Qe2 Qc7 12. Bg5 O-O 13. Rac1 Nh5 14. Bxe7 Qxe7 15. Ne5 g6 16. f4 Qd6 17. Qf2 f6 18. Ng4 Qd7 19. Rcd1 Rad8 20. f5 exf5 21. exf5 Nc4 22. Ne4 gxf5 23. Nh6+ Kh8 24. Nxf5 Qd5 25. Nc3 Qf7 26. Rde1 Rd7 27. Ne4 Qg6 28. Nc5 Rdf7 29. Qe2 Rd8 30. Qxc4 Ng7 31. Nxg7 Rxg7 32. Qe2 Rgg8 33. Qf2 Rxd4 34. Qxf6+ Qxf6 35. Rxf6 Rd2 36. Rf2 Rxf2 37. Kxf2 b6 38. Ne6 Rc8 39. Rd1 Re8 40. Rd8 1-0

[Event "FB21 2223 SZ Seeblick Dippoldiswalde - T"]
[Site "?"]
[Date "2023.02.19"]
[Round "5.3"]
[White "Moldenhauer, Antje"]
[Black "Peglau, Charis"]
[Result "0-1"]
[WhiteElo "1826"]
[BlackElo "1870"]
[PlyCount "77"]
[EventDate "2023.??.??"]

1. e4 c6 2. d4 d5 3. exd5 cxd5 4. Bd3 Nc6 5. c3 Nf6 6. Bf4 Bg4 7. Qb3 Qd7 8. Nd2 e6 9. Ngf3 Bd6 10. Bxd6 Qxd6 11. h3 Bxf3 12. Nxf3 O-O 13. O-O Rab8 14. Rfe1 b5 15. Ne5 b4 16. Nxc6 Qxc6 17. cxb4 Qb6 18. a3 Qxd4 19. Rad1 Qf4 20. b5 Rfc8 21. a4 Nd7 22. Qa3 Ne5 23. Bf1 Rc2 24. Qe3 Qxe3 25. Rxe3 Nc4 26. Rc3 Rxc3 27. bxc3 Nb2 28. Rd4 Rc8 29. Rb4 Nd1 30. c4 Nc3 31. a5 Kf8 32. b6 axb6 33. axb6 Ke7 34. Rb3 d4 35. b7 Rb8 36. c5 Kd7 37. Bb5+ Nxb5 38. Rxb5 Kc6 39. Rb3 0-1

[Event "FB21 2223 SZ Seeblick Dippoldiswalde - T"]
[Site "?"]
[Date "2023.02.19"]
[Round "5.4"]
[White "Peglau, Mirjam"]
[Black "Gebhardt, Christine"]
[Result "1-0"]
[WhiteElo "1917"]
[BlackElo "1716"]
[PlyCount "45"]
[EventDate "2023.??.??"]

1. d4 f5 2. c4 Nf6 3. Nc3 g6 4. Nf3 Bg7 5. Qb3 O-O 6. Bf4 d6 7. e3 Kh8 8. Be2 c6 9. h4 h6 10. O-O-O Qe8 11. Kb1 a5 12. d5 Na6 13. Nd4 Nc5 14. Qc2 Bd7 15. h5 Nxh5 16. Bxh5 gxh5 17. Qe2 Qg6 18. Rxh5 Qg4 19. Bxh6 Be8 20. Rg5 Qxe2 21. Bxg7+ Kh7 22. Ncxe2 Bg6 23. Bxf8 1-0

[Event "FB21 2223 SZ Seeblick Dippoldiswalde - T"]
[Site "?"]
[Date "2023.02.19"]
[Round "5.5"]
[White "Fruebing, Simone"]
[Black "Peglau, Sarah"]
[Result "1-0"]
[WhiteElo "1723"]
[BlackElo "1803"]
[PlyCount "115"]
[EventDate "2023.??.??"]

1. Nf3 c5 2. g3 d5 3. Bg2 Nc6 4. d3 e5 5. c3 f6 6. O-O Be6 7. Nbd2 Nh6 8. e4 Nf7 9. Qe2 Be7 10. Re1 O-O 11. Nf1 dxe4 12. dxe4 Qa5 13. a3 c4 14. Ne3 b5 15. Nd5 Bc5 16. Be3 Bxe3 17. Qxe3 Rfd8 18. Rad1 Rac8 19. Rd2 Bxd5 20. exd5 Ne7 21. Red1 Nd6 22. Bh3 Nef5 23. Qe2 Rc5 24. g4 Ne7 25. g5 Qc7 26. Be6+ Kh8 27. gxf6 gxf6 28. Nxe5 Nxd5 29. Rxd5 Rxd5 30. Rxd5 fxe5 31. Qxe5+ Qg7+ 32. Qxg7+ Kxg7 33. f3 Kf6 34. Bg4 Ke7 35. Kf2 Rf8 36. Ke3 Rf6 37. h4 Kd8 38. h5 Kc7 39. Rg5 Rf7 40. Re5 Kc6 41. f4 Nb7 42. Bf3+ Kb6 43. Re6+ Ka5 44. Bxb7 Rxb7 45. f5 Rd7 46. h6 Rd1 47. Kf4 Rd2 48. Re7 Ka4 49. Rxa7+ Kb3 50. Rxh7 Rxb2 51. Re7 Rh2 52. h7 Kxc3 53. f6 Kb2 54. Kg3 Rh6 55. f7 c3 56. Re2+ c2 57. f8=Q Rxh7 58. Qb4+ 1-0

[Event "FB21 2223 SZ Seeblick Dippoldiswalde - T"]
[Site "?"]
[Date "2023.02.19"]
[Round "5.6"]
[White "Peglau, Adelheid"]
[Black "Boehme-Ziska, Christine"]
[Result "0-1"]
[WhiteElo "1328"]
[BlackElo "1732"]
[PlyCount "92"]
[EventDate "2023.??.??"]

1. c4 c5 2. Nc3 Nc6 3. e4 d6 4. g3 g6 5. Bg2 Bg7 6. Nge2 e6 7. O-O Nge7 8. d3 O-O 9. Be3 Nd4 10. Qd2 Nec6 11. Bh6 Rb8 12. Bxg7 Kxg7 13. f4 Nxe2+ 14. Nxe2 e5 15. f5 f6 16. h4 b5 17. b3 b4 18. g4 Nd4 19. Nxd4 cxd4 20. g5 a5 21. gxf6+ Qxf6 22. Qg5 Qxg5 23. hxg5 gxf5 24. exf5 Bxf5 25. Be4 Bxe4 26. dxe4 Rxf1+ 27. Rxf1 Rf8 28. Rxf8 Kxf8 29. Kg2 Kg7 30. Kg3 Kg6 31. Kg4 d3 32. Kf3 d2 33. Ke2 d1=Q+ 34. Kxd1 Kxg5 35. Kd2 Kf4 36. Kd3 Kf3 37. c5 dxc5 38. Kc4 Kxe4 39. Kxc5 h5 40. Kb5 h4 41. Kxa5 h3 42. Kxb4 h2 43. a4 h1=Q 44. a5 Qh8 45. Ka4 Kd5 46. b4 e4 0-1

[Event "FB21 2223 SC Leipzig-Lindenau - SC Rotat"]
[Site "?"]
[Date "2023.02.19"]
[Round "5.1"]
[White "Burchardt, Brigitte"]
[Black "Weimert, Miriam"]
[Result "1-0"]
[WhiteElo "2139"]
[BlackElo "1900"]
[PlyCount "45"]
[EventDate "2023.??.??"]

1. e4 Nc6 2. Nc3 e5 3. Bc4 Nf6 4. d3 Na5 5. Bb5 c6 6. Ba4 b5 7. Bb3 Nxb3 8. axb3 Bc5 9. Nf3 d6 10. h3 Qb6 11. O-O h6 12. Ne2 O-O 13. b4 Bxb4 14. c3 Bc5 15. b4 Bxb4 16. cxb4 Be6 17. Be3 Qc7 18. Qc2 Rfc8 19. Rfc1 Nd7 20. Qb2 Nb6 21. Nc3 Qd8 22. Qe2 f6 23. Ra6 1-0

[Event "FB21 2223 SC Leipzig-Lindenau - SC Rotat"]
[Site "?"]
[Date "2023.02.19"]
[Round "5.2"]
[White "Spangenberg, Romy"]
[Black "Wagner-Michel, Annett"]
[Result "0-1"]
[WhiteElo "1858"]
[BlackElo "2041"]
[PlyCount "80"]
[EventDate "2023.??.??"]

1. e4 c5 2. Nf3 d6 3. d4 cxd4 4. Nxd4 Nf6 5. Nc3 a6 6. Be3 e5 7. Nb3 Be6 8. Nd5 Nbd7 9. Bg5 h6 10. Nxf6+ Nxf6 11. Bxf6 Qxf6 12. Be2 Qd8 13. O-O Be7 14. c4 O-O 15. Nd2 Qa5 16. b3 b5 17. cxb5 axb5 18. a4 bxa4 19. Rxa4 Qc5 20. b4 Qd4 21. Rxa8 Rxa8 22. b5 Ra2 23. Nb1 Qxd1 24. Bxd1 Bc4 25. Re1 Bd8 26. Bg4 Bb6 27. Kh1 Ra1 28. Rd1 Bxf2 29. Nc3 Rxd1+ 30. Nxd1 Bd4 31. b6 Bxb6 32. Nc3 g6 33. g3 Bd4 34. Nd5 Bxd5 35. exd5 f5 36. Be2 Kf7 37. Kg2 e4 38. h4 Kf6 39. g4 f4 40. h5 f3+ 0-1

[Event "FB21 2223 SC Leipzig-Lindenau - SC Rotat"]
[Site "?"]
[Date "2023.02.19"]
[Round "5.3"]
[White "Jahn, Constanze"]
[Black "Herbrig, Marie-Helen"]
[Result "1-0"]
[WhiteElo "2001"]
[BlackElo "1876"]
[PlyCount "99"]
[EventDate "2023.??.??"]

1. e4 c5 2. Nc3 Nc6 3. Bb5 Nd4 4. Bc4 e6 5. Nge2 Qc7 6. d3 a6 7. Nxd4 cxd4 8. Ne2 Bc5 9. Bf4 Qb6 10. O-O Qxb2 11. Be5 Nf6 12. Rb1 Qa3 13. Nxd4 Be7 14. Nf3 Qc5 15. Qe2 d6 16. Bd4 Qc7 17. Bb6 Qc6 18. e5 dxe5 19. Nxe5 Qd6 20. d4 O-O 21. Rb3 Re8 22. Bc5 Qc7 23. Bb6 Qd6 24. Qf3 Rf8 25. Re1 Nd7 26. Nxd7 Qxd7 27. d5 Qa4 28. Qe4 exd5 29. Bxd5 Qxe4 30. Rxe4 Bf6 31. g4 h5 32. Bc5 Rd8 33. Bxb7 Bxb7 34. Rxb7 Rac8 35. Be3 Rxc2 36. g5 Ba1 37. a4 Bc3 38. Rc4 h4 39. Rxh4 Be1 40. Kf1 Ba5 41. Re4 Rd1+ 42. Kg2 Rd8 43. Ree7 Rf8 44. g6 Rc4 45. gxf7+ Kh7 46. Re8 Rc8 47. Rxf8 Rxf8 48. Bc5 Rc8 49. f8=Q Rxf8 50. Bxf8 1-0

[Event "FB21 2223 SC Leipzig-Lindenau - SC Rotat"]
[Site "?"]
[Date "2023.02.19"]
[Round "5.4"]
[White "Lowke, Kathrin"]
[Black "Wolf, Sylvia"]
[Result "1/2-1/2"]
[WhiteElo "1820"]
[BlackElo "2017"]
[PlyCount "82"]
[EventDate "2023.??.??"]

1. e4 c5 2. Nf3 d6 3. d4 cxd4 4. Nxd4 Nf6 5. Nc3 a6 6. Be2 e5 7. Nb3 Be6 8. Bg5 Nbd7 9. O-O Rc8 10. Kh1 Be7 11. f4 h6 12. Bxf6 Nxf6 13. f5 Bc4 14. Rf3 b5 15. a3 Qb6 16. Nd2 d5 17. Nxc4 dxc4 18. a4 O-O 19. axb5 Rfd8 20. Qf1 axb5 21. Rg3 Rd4 22. Bf3 Bc5 23. Re1 Rcd8 24. Nd5 Nxd5 25. exd5 Rd2 26. Re2 Rxe2 27. Qxe2 Ra8 28. Qf1 Ra2 29. Be4 Qa7 30. Bf3 Ra1 31. Bd1 Qa2 32. f6 g6 33. d6 Qb1 34. d7 Bb6 35. Ra3 Rxa3 36. bxa3 Bd8 37. h3 Bxf6 38. Kh2 Bd8 39. Qf3 Qc1 40. Qd5 Qf4+ 41. Kh1 Qf1+ 1/2-1/2

[Event "FB21 2223 SC Leipzig-Lindenau - SC Rotat"]
[Site "?"]
[Date "2023.02.19"]
[Round "5.5"]
[White "Mai, Iris"]
[Black "Spangenberg, Pia"]
[Result "0-1"]
[WhiteElo "1962"]
[BlackElo "1794"]
[PlyCount "62"]
[EventDate "2023.??.??"]

1. d4 d5 2. c4 e6 3. Nc3 Nf6 4. Bg5 Be7 5. Qc2 Nbd7 6. e3 h6 7. Bh4 O-O 8. Nf3 c5 9. cxd5 Nxd5 10. Bxe7 Qxe7 11. Nxd5 exd5 12. dxc5 Nxc5 13. Rd1 Rd8 14. Be2 Ne4 15. O-O Be6 16. Qa4 a6 17. Rd4 f5 18. Qb4 Qxb4 19. Rxb4 b5 20. Rd1 Rac8 21. Nd4 Kf7 22. a4 bxa4 23. Rxa4 Nc5 24. Ra5 Rd6 25. b4 Ne4 26. Bxa6 Ra8 27. Bd3 Rxa5 28. bxa5 Nc5 29. Be2 g6 30. Rc1 Na6 31. Rc5 Nxc5 0-1

[Event "FB21 2223 SC Leipzig-Lindenau - SC Rotat"]
[Site "?"]
[Date "2023.02.19"]
[Round "5.6"]
[White "Lorenz, Nicole"]
[Black "Heyme, Sibylle"]
[Result "1-0"]
[WhiteElo "1871"]
[BlackElo "1984"]
[PlyCount "65"]
[EventDate "2023.??.??"]

1. e4 d6 2. d4 Nf6 3. Bd3 Nc6 4. c3 e5 5. Ne2 g6 6. O-O Bg7 7. Bg5 h6 8. Be3 g5 9. Ng3 a6 10. a4 Bd7 11. a5 O-O 12. Nf5 Bxf5 13. exf5 Qd7 14. Bc2 exd4 15. cxd4 Rfe8 16. Nc3 Re7 17. h4 gxh4 18. Qf3 Kh7 19. Nd5 Ree8 20. Bxh6 Kxh6 21. Qf4+ Kh7 22. Qxh4+ Kg8 23. Nxf6+ Bxf6 24. Qxf6 Qe7 25. Qh6 Qf8 26. Qh4 f6 27. Bb3+ Kg7 28. Qg4+ Kh8 29. Qh5+ Kg7 30. Rad1 d5 31. Rd3 Qd6 32. Rg3+ Kf8 33. Qh7 1-0

[Event "FB21 2223 SC Rochade Zeulenroda - SG Lei"]
[Site "?"]
[Date "2023.02.19"]
[Round "5.1"]
[White "Gempe, Anet"]
[Black "Wagner, Victoria"]
[Result "1/2-1/2"]
[WhiteElo "1959"]
[BlackElo "1821"]
[PlyCount "41"]
[EventDate "2023.??.??"]

1. e4 c5 2. Nf3 d6 3. d4 cxd4 4. Nxd4 Nf6 5. Nc3 a6 6. Be2 e5 7. Nb3 Be7 8. Be3 Be6 9. Nd5 Nbd7 10. f3 Bxd5 11. exd5 O-O 12. c4 Qc7 13. O-O h6 14. Rc1 Nc5 15. Nd2 a5 16. b3 Nfd7 17. Nb1 Bg5 18. Qd2 Bxe3+ 19. Qxe3 f5 20. Nc3 Nf6 21. Bd3 1/2-1/2

[Event "FB21 2223 SC Rochade Zeulenroda - SG Lei"]
[Site "?"]
[Date "2023.02.19"]
[Round "5.3"]
[White "Lobe, Sandra"]
[Black "Skibbe, Diana"]
[Result "0-1"]
[WhiteElo "1809"]
[BlackElo "1964"]
[PlyCount "62"]
[EventDate "2023.??.??"]

1. Nf3 g6 2. d3 Bg7 3. e4 d6 4. g3 Nf6 5. Bg2 e5 6. O-O O-O 7. Nbd2 c6 8. a4 Be6 9. Qe1 Na6 10. Nc4 Bxc4 11. dxc4 Nc5 12. Nd2 Nfd7 13. Ra3 a5 14. Qe2 Nb6 15. b3 Ne6 16. Nf3 Nd7 17. Rd1 Ndc5 18. c3 Qe7 19. Ne1 f5 20. b4 axb4 21. cxb4 Nxa4 22. Qc2 Nd4 23. Qd3 fxe4 24. Bxe4 Qf6 25. Be3 Nb2 26. Rxa8 Rxa8 27. Qb1 Ne2+ 28. Kh1 Nxd1 29. Qxd1 Nc3 30. Qd3 Nxe4 31. Qxe4 Ra1 0-1

[Event "FB21 2223 SC Rochade Zeulenroda - SG Lei"]
[Site "?"]
[Date "2023.02.19"]
[Round "5.4"]
[White "Jacke, Corinna"]
[Black "Just, Gabriele"]
[Result "1-0"]
[WhiteElo "1925"]
[BlackElo "1817"]
[PlyCount "61"]
[EventDate "2023.??.??"]

1. e4 e6 2. Nf3 d5 3. e5 c5 4. b4 cxb4 5. d4 Ne7 6. Bd3 Nec6 7. a3 Be7 8. O-O Nd7 9. c3 bxc3 10. Nxc3 f6 11. Re1 fxe5 12. Nxe5 Ndxe5 13. dxe5 g6 14. Qg4 Qa5 15. Bd2 Qc5 16. Nb5 Qb6 17. Nd6+ Kd7 18. Rab1 Nxe5 19. Qa4+ Qc6 20. Bb5 Kxd6 21. Bxc6 Nxc6 22. Bb4+ Kd7 23. Bxe7 Kxe7 24. Qh4+ Kd7 25. Qf6 Re8 26. Rb2 b6 27. Rbe2 Kd6 28. f4 Bd7 29. g3 Re7 30. Rc1 Rae8 31. Qe5+ 1-0

[Event "FB21 2223 SC Rochade Zeulenroda - SG Lei"]
[Site "?"]
[Date "2023.02.19"]
[Round "5.5"]
[White "Oswald, Lena"]
[Black "Dietrich, Mareike"]
[Result "1-0"]
[WhiteElo "1802"]
[BlackElo "1786"]
[PlyCount "79"]
[EventDate "2023.??.??"]

1. e4 c5 2. Nf3 d6 3. d4 cxd4 4. Nxd4 Nf6 5. Nc3 a6 6. Bg5 Nbd7 7. f4 Qa5 8. Qf3 h6 9. Bh4 e5 10. Nb3 Qc7 11. O-O-O Be7 12. Bxf6 Nxf6 13. f5 b5 14. Bd3 Bb7 15. Rhe1 b4 16. Nb1 Rc8 17. g4 d5 18. exd5 Bxd5 19. Qe2 O-O 20. h4 a5 21. g5 hxg5 22. hxg5 Nh7 23. f6 Nxf6 24. gxf6 Bxf6 25. Na1 Bxa2 26. Bh7+ Kh8 27. Qh5 Rfe8 28. Rh1 g5 29. Bf5+ Kg8 30. Bxc8 Rxc8 31. Qf3 b3 32. c3 Bg7 33. Qf5 Qc4 34. Nd2 Qc5 35. Naxb3 Qc7 36. Qc2 a4 37. Na1 Bd5 38. Ne4 Qc6 39. Rhe1 Bh6 40. Rxd5 1-0

[Event "FB21 2223 SC Rochade Zeulenroda - SG Lei"]
[Site "?"]
[Date "2023.02.19"]
[Round "5.6"]
[White "Riemer-Nlula, Marion"]
[Black "Oswald, Hannah"]
[Result "0-1"]
[WhiteElo "1830"]
[BlackElo "1740"]
[PlyCount "74"]
[EventDate "2023.??.??"]

1. e4 e5 2. f4 d5 3. exd5 exf4 4. Nf3 Nf6 5. Nc3 Nxd5 6. Nxd5 Qxd5 7. b3 Bd6 8. Bc4 Qe4+ 9. Kf2 O-O 10. Re1 Qc6 11. Bb2 Bg4 12. d4 Nd7 13. Qd2 Nb6 14. d5 Nxc4 15. dxc6 Nxd2 16. cxb7 Bc5+ 17. Ke2 Bxf3+ 18. gxf3 Rad8 19. b8=Q Rfe8+ 20. Kd1 Nxf3+ 21. Qxd8 Rxd8+ 22. Ke2 Nxe1 23. Kxe1 Bd4 24. Bxd4 Rxd4 25. Ke2 g5 26. Rg1 h6 27. h4 f3+ 28. Kxf3 Rxh4 29. Rg2 f5 30. Rd2 Rh3+ 31. Kg2 Rc3 32. a4 f4 33. Kf1 Kf7 34. Rh2 Kg6 35. Ke1 h5 36. Kd2 Rc6 37. Ke1 g4 0-1

[Event "FB21 2223 USV Halle - SG 1871 Löberitz"]
[Site "?"]
[Date "2023.02.19"]
[Round "5.1"]
[White "Reizniece-Ozola, Dana"]
[Black "Zhou, Lepu Coco"]
[Result "1-0"]
[WhiteElo "2265"]
[BlackElo "2043"]
[PlyCount "45"]
[EventDate "2023.??.??"]

1. c4 e6 2. Nf3 d5 3. b3 d4 4. e3 c5 5. b4 dxe3 6. fxe3 Qf6 7. d4 cxd4 8. exd4 Bxb4+ 9. Bd2 Bxd2+ 10. Nbxd2 Ne7 11. Bd3 Nbc6 12. Ne4 Qf4 13. O-O Nf5 14. d5 Ne5 15. Nxe5 Qxe5 16. Qa4+ Bd7 17. Qa3 Qd4+ 18. Kh1 O-O-O 19. Rab1 Kb8 20. Nc5 b6 21. Qa5 Ka8 22. Rxb6 Rb8 23. Qxa7+ 1-0

[Event "FB21 2223 USV Halle - SG 1871 Löberitz"]
[Site "?"]
[Date "2023.02.19"]
[Round "5.2"]
[White "Voigt, Anastasia"]
[Black "Rogule, Laura"]
[Result "0-1"]
[WhiteElo "1825"]
[BlackElo "2257"]
[PlyCount "68"]
[EventDate "2023.??.??"]

1. e4 c5 2. Nf3 Nc6 3. d4 cxd4 4. Nxd4 Nf6 5. Nc3 d6 6. Bg5 e6 7. Qd2 a6 8. O-O-O Bd7 9. f4 b5 10. Kb1 b4 11. Bxf6 gxf6 12. Nce2 Qb6 13. f5 e5 14. Nxc6 Bxc6 15. Ng3 h5 16. h4 Qc5 17. Be2 Ke7 18. Bf3 Bh6 19. Qd3 Rac8 20. Nxh5 Ba4 21. Rc1 Bb5 22. Qd5 Qxd5 23. exd5 Bxc1 24. Rxc1 Rc4 25. g4 Rhc8 26. g5 Rxh4 27. Nxf6 Rf4 28. Be4 Bd7 29. Nxd7 Rxe4 30. Nb6 Rg8 31. f6+ Kd8 32. b3 Rxg5 33. Nc4 Kc7 34. Rf1 Rf4 0-1

[Event "FB21 2223 USV Halle - SG 1871 Löberitz"]
[Site "?"]
[Date "2023.02.19"]
[Round "5.3"]
[White "Berzina, Ilze"]
[Black "Stowicek, Yara Mathilda"]
[Result "1-0"]
[WhiteElo "2141"]
[BlackElo "1734"]
[PlyCount "73"]
[EventDate "2023.??.??"]

1. e4 e5 2. Nf3 Nc6 3. Bb5 a6 4. Ba4 Nf6 5. d3 b5 6. Bb3 Be7 7. O-O O-O 8. Re1 d6 9. c3 Na5 10. Bc2 c5 11. Nbd2 Qc7 12. Nf1 Be6 13. Ng3 Rfe8 14. Nf5 Nc6 15. N3h4 Kh8 16. Qf3 Rg8 17. Nxe7 Nxe7 18. Bg5 Ne8 19. Nf5 f6 20. Nxe7 Qxe7 21. Be3 Nc7 22. d4 Rad8 23. a4 Ra8 24. Qe2 c4 25. f4 Bf7 26. Rf1 Bg6 27. dxe5 dxe5 28. f5 Bf7 29. Rfd1 g6 30. axb5 axb5 31. Rxa8 Rxa8 32. Qd2 gxf5 33. Qd7 Re8 34. exf5 Kg8 35. Be4 Qxd7 36. Rxd7 Na8 37. Ra7 1-0

[Event "FB21 2223 USV Halle - SG 1871 Löberitz"]
[Site "?"]
[Date "2023.02.19"]
[Round "5.4"]
[White "Petersen, Sophie"]
[Black "Otikova, Elina"]
[Result "0-1"]
[WhiteElo "1697"]
[BlackElo "2103"]
[PlyCount "110"]
[EventDate "2023.??.??"]

1. e4 e5 2. Nf3 Nc6 3. Bb5 a6 4. Ba4 Nf6 5. O-O b5 6. Bb3 Bc5 7. c3 d6 8. a4 Rb8 9. d4 Bb6 10. a5 Ba7 11. dxe5 Nxe5 12. Nxe5 dxe5 13. Qxd8+ Kxd8 14. Bg5 Ke8 15. Nd2 Bb7 16. Rae1 Nd7 17. Ba2 f6 18. Be3 Bxe3 19. Rxe3 Nc5 20. b4 Rd8 21. Re2 Nd3 22. Nb3 Ke7 23. Bb1 Nf4 24. Re3 Ne6 25. f3 c5 26. Nxc5 Nxc5 27. bxc5 Rc8 28. Rd3 Rhd8 29. Rfd1 Rxd3 30. Rxd3 Rxc5 31. Kf2 Rc4 32. Bc2 b4 33. Ba4 bxc3 34. Rd7+ Ke6 35. Rxb7 Rxa4 36. Rc7 Ra2+ 37. Ke3 Rxa5 38. Rxc3 Kd7 39. g3 Rb5 40. Kd3 Kd6 41. Rc8 Rb3+ 42. Kc4 Rxf3 43. Ra8 Ra3 44. Kb4 Ra2 45. h4 a5+ 46. Kb3 Rg2 47. Rxa5 Rxg3+ 48. Kc4 Ke6 49. Ra6+ Kf7 50. h5 h6 51. Ra7+ Kg8 52. Kd5 Rh3 53. Ke6 Rxh5 54. Ra8+ Kh7 55. Kf7 Rg5 0-1